[Event "AUTO-INT-3964"]
[Site "http://www.queenalice.com/game.php?id=1871060"]
[Date "2026.3.27"]
[Round "1"]
[White "jenyasm"]
[Black "Jomaley"]
[Result "1-0"]
[WhiteElo "1679"]
[BlackElo "1509"]

1. e4 e5 2. Nf3 Bd6 3. d3 Bb4+ 4. Bd2 a5 5. Bxb4 axb4 6. Nxe5 Qf6 7. Nf3 d6 8.
c3 bxc3 9. bxc3 Ne7 10. Qc2 Bg4 11. Nbd2 O-O 12. h3 Bxf3 13. Nxf3 h6 14. Be2 d5
15. exd5 Nxd5 16. d4 Nf4 17. O-O Re8 18. Bb5 c6 19. Bc4 b5 20. Bd3 Nxd3 21. Qxd3
Nd7 22. Rfe1 Rxe1+ 23. Nxe1 Ra3 24. Nc2 Ra4 25. a3 Nb6 26. Re1 Nd5 27. Re8# 1-0

[Event "AUTO-INT-3964"]
[Site "http://www.queenalice.com/game.php?id=1871061"]
[Date "2026.3.27"]
[Round "1"]
[White "Jomaley"]
[Black "bdpq"]
[Result "1-0"]
[WhiteElo "1608"]
[BlackElo "1663"]

1. e4 d5 2. Qf3 dxe4 3. Qxe4 e6 4. d3 Nf6 5. Qa4+ Bd7 6. Qf4 Nc6 7. f3 Bd6 8.
Qg5 O-O 9. g4 Nd5 10. Nh3 Ncb4 11. Qxd8 Raxd8 12. Bg5 Rc8 13. Na3 f6 14. Bd2 f5
15. g5 Bc6 16. Bxb4 Bxb4+ 17. Ke2 Bd6 18. g6 h6 19. Nc4 Be7 20. a4 Nf4+ 21. Nxf4
e5 22. Nxe5 Be8 23. c4 Bd6 24. d4 Bxe5 25. dxe5 c5 26. a5 Rc6 27. Nd5 Re6 28. f4
Bxg6 29. Rg1 b6 30. axb6 axb6 31. Ra6 Bf7 32. Nxb6 Rc6 33. Bg2 Rg6 34. b3 Rg4
35. Kf3 Bh5 36. h3 Rg6+ 37. Kf2 Rb8 38. Bd5+ Kh7 39. e6 Rxg1 40. Kxg1 Bd1 41. e7
Bh5 42. Be6 Kg6 43. Bd7 Kh7 44. Bxf5+ g6 45. Bd7 g5 46. fxg5 hxg5 47. Nc8 Rxb3
48. Bf5+ Kh8 49. Rh6+ Kg7 50. Rxh5 Kf7 51. Bd7 Re3 52. Rh7+ Kg6 53. Rh8 Kf6 54.
e8=Q Rxe8 55. Bxe8 Ke5 56. Rh5 Kf4 57. Kg2 Kf5 58. Kg3 1-0

[Event "AUTO-INT-3964"]
[Site "http://www.queenalice.com/game.php?id=1871062"]
[Date "2026.3.27"]
[Round "1"]
[White "bdpq"]
[Black "Jomaley"]
[Result "1-0"]
[WhiteElo "1648"]
[BlackElo "1508"]

1. e4 e5 2. d4 exd4 3. Qxd4 Qe7 4. Nf3 f6 5. Bc4 c5 6. Qd5 d6 7. O-O Nc6 8. Bf4
g5 9. Bg3 Bh6 10. Nc3 a6 11. Na4 Nd4 12. e5 fxe5 13. Bd3 g4 14. Nxd4 exd4 15.
Bf5 Qf6 16. Rfe1+ Ne7 17. Qe4 Bxf5 18. Qxb7 Rd8 19. Qc6+ Kf7 20. Qxa6 Bxc2 21.
Qc4+ d5 22. Qxc2 Nf5 23. Bc7 Rc8 24. Be5 Qh4 25. Bxh8 Rxh8 26. Qxf5+ Kg7 27.
Qd7+ Kg6 28. Re6+ Kg5 29. Qe7+ Kh5 30. Rxh6+ Kxh6 31. Qxh4+ Kg7 32. Nxc5 h5 33.
Re1 d3 34. Qg5+ Kf8 35. Re7 1-0

[Event "AUTO-INT-3964"]
[Site "http://www.queenalice.com/game.php?id=1871064"]
[Date "2026.3.27"]
[Round "1"]
[White "Ruusgugg"]
[Black "Jomaley"]
[Result "0-1"]
[WhiteElo "1518"]
[BlackElo "1494"]

1. f4 f5 2. d4 d5 3. Nf3 e6 4. Ne5 Qe7 5. h3 Nc6 6. g4 Nxe5 7. fxe5 b6 8. g5 g6
9. h4 h6 10. Rg1 hxg5 11. Bxg5 Qb4+ 12. Nd2 Qxb2 13. Bf4 Qxd4 14. e3 Qc3 15. Rh1
d4 16. Rh3 Bd7 17. e4 Qa5 18. Bg5 Bb4 19. a3 Bxd2+ 20. Bxd2 Qxe5 21. Bg2 Nf6 22.
Qe2 Nxe4 23. c3 dxc3 24. Re3 cxd2+ 25. Kd1 Qxa1+ 26. Kc2 Qc1+ 27. Kd3 Qc3# 0-1

[Event "AUTO-INT-3965"]
[Site "http://www.queenalice.com/game.php?id=1871585"]
[Date "2026.4.7"]
[Round "1"]
[White "SGF"]
[Black "Jomaley"]
[Result "0-1"]
[WhiteElo "1746"]
[BlackElo "1481"]

1. e4 e5 2. Qf3 Nh6 3. d3 Qf6 4. Bxh6 Qxh6 5. Nd2 Bb4 6. c3 Bc5 7. b4 Bf8 8. g4
d6 9. h4 g5 10. hxg5 Qxg5 11. Rh5 Qxg4 12. Qxg4 Bxg4 13. Rg5 Be6 14. Bh3 Bxh3
15. Nxh3 Be7 16. Rg2 Nc6 17. a4 a5 18. b5 Nd8 19. Nc4 h6 20. b6 c6 21. d4 exd4
22. cxd4 d5 23. exd5 cxd5 24. Ne5 Bd6 25. f4 Ra6 26. Nd3 Rxb6 27. Rh2 Rg8 28.
Ke2 Rg3 29. Re1 Rb3 30. Nhf2 Bf8 31. f5 f6 32. Rh4 Nc6 33. Rf4 h5 34. Ng4 hxg4
35. Kf2+ Kf7 36. Kxg3 Rxd3+ 37. Kxg4 Bh6 38. Rf3 Rxd4+ 39. Kh5 Ne5 40. Rb3 Bf8
41. Rxb7+ Be7 42. Ra7 Nc6 43. Ra6 Rc4 44. Ra1 Ne5 45. Rxa5 d4 46. Rb5 d3 47. a5
d2 48. a6 Rc1 49. Rxc1 dxc1=Q 50. a7 Qh1# 0-1

[Event "AUTO-INT-3965"]
[Site "http://www.queenalice.com/game.php?id=1871586"]
[Date "2026.4.7"]
[Round "1"]
[White "Jomaley"]
[Black "SGF"]
[Result "0-1"]
[WhiteElo "1513"]
[BlackElo "1679"]

1. e4 e5 2. Nf3 Qf6 3. Bc4 d6 4. d3 Be7 5. Bg5 Qg6 6. h4 h5 7. Bxe7 Nxe7 8. Ng5
Be6 9. Bxe6 fxe6 10. c3 d5 11. exd5 exd5 12. Qe2 Nbc6 13. Nd2 O-O-O 14. O-O-O d4
15. c4 Nb4 16. a3 Nxd3+ 17. Kc2 Nxf2+ 18. Nde4 Nxh1 19. Rxh1 d3+ 20. Qxd3 Rxd3
21. Kxd3 Nf5 22. g3 Nxg3 23. Rg1 Nxe4 24. Nxe4 Qxg1 25. Nc5 Qxc5 26. b4 Qd4+ 0-1

[Event "AUTO-OPEN-4648"]
[Site "http://www.queenalice.com/game.php?id=1871960"]
[Date "2026.4.15"]
[Round "1"]
[White "Fauquinelle"]
[Black "Jomaley"]
[Result "1-0"]
[WhiteElo "2067"]
[BlackElo "1644"]

1. d4 d5 2. c4 dxc4 3. Nf3 e6 4. e3 b5 5. a4 Qf6 6. axb5 Bb4+ 7. Nc3 Bxc3+ 8.
bxc3 Ne7 9. Bxc4 c6 10. Ba3 Bd7 11. Qd3 O-O 12. O-O cxb5 13. Bxb5 Bxb5 14. Qxb5
a6 15. Qc5 h6 16. Qxe7 Qxe7 17. Bxe7 Re8 18. Bc5 Nc6 19. Rfb1 e5 20. Rb6 Ne7 21.
Nxe5 a5 22. Rb7 Kf8 23. Nc6 a4 24. Bxe7+ Rxe7 25. Nxe7 g5 26. c4 g4 27. Nf5 h5
28. Nh6 Kg7 29. Nxf7 Kf6 30. Ne5 a3 31. f3 gxf3 32. gxf3 a2 33. Rb3 h4 34. e4
1-0

[Event "AUTO-OPEN-4648"]
[Site "http://www.queenalice.com/game.php?id=1871961"]
[Date "2026.4.15"]
[Round "1"]
[White "Jomaley"]
[Black "Fauquinelle"]
[Result "0-1"]
[WhiteElo "1631"]
[BlackElo "2043"]

1. e4 c6 2. d3 d5 3. exd5 Qxd5 4. Be3 Nf6 5. h3 e5 6. Nf3 b5 7. Qe2 Bb4+ 8. c3
Ba5 9. b4 Bc7 10. Bc5 Nbd7 11. Ng5 Bd6 12. a4 a6 13. a5 O-O 14. Bxd6 Qxd6 15.
Nd2 h6 16. Nge4 Nxe4 17. Qxe4 f5 18. Qe2 Bb7 19. g4 c5 20. bxc5 Nxc5 21. Rb1
Bxh1 22. gxf5 Rxf5 23. Ne4 Qc6 24. Nxc5 Qxc5 25. Rb3 Re8 26. d4 Qc7 27. h4 Bf3
28. Qd3 exd4+ 29. Kd2 Qf4+ 30. Kc2 Be4 31. Qxe4 Qxe4+ 32. Bd3 Rxf2+ 33. Kd1
Qxd3+ 0-1

[Event "AUTO-OPEN-4648"]
[Site "http://www.queenalice.com/game.php?id=1871988"]
[Date "2026.4.15"]
[Round "1"]
[White "chessman"]
[Black "Jomaley"]
[Result "1-0"]
[WhiteElo "1968"]
[BlackElo "1509"]

1. e4 e5 2. Nf3 Bd6 3. Bc4 Qf6 4. O-O c6 5. d4 b5 6. Bb3 Nh6 7. Bg5 Qxf3 8. Qxf3
f6 9. Bxh6 gxh6 10. Qxf6 Rf8 11. Qxd6 exd4 12. Qxd4 a5 13. a3 a4 14. Ba2 h5 15.
Nc3 Rf4 16. Qe5+ 1-0

[Event "AUTO-OPEN-4648"]
[Site "http://www.queenalice.com/game.php?id=1871989"]
[Date "2026.4.15"]
[Round "1"]
[White "Jomaley"]
[Black "chessman"]
[Result "0-1"]
[WhiteElo "1483"]
[BlackElo "2028"]

1. e4 e6 2. h4 d5 3. exd5 exd5 4. d4 Nf6 5. Bg5 Be7 6. Bb5+ c6 7. Bxc6+ bxc6 8.
Bxf6 Bxf6 9. c3 O-O 10. h5 Re8+ 11. Ne2 Bg4 12. f3 Bxf3 13. gxf3 Qe7 14. b4 Bh4+
15. Kd2 Qe3+ 16. Kc2 Bg5 17. Re1 Nd7 18. Ng3 Qxe1 19. Qxe1 Rxe1 20. a4 Rae8 21.
Nf5 Rc1+ 22. Kb2 Re2+ 23. Kb3 Nb6 24. f4 Bxf4 25. Ne7+ Kf8 26. Nxc6 Nc4 27. Nxa7
Rb2# 0-1

[Event "AUTO-OPEN-4648"]
[Site "http://www.queenalice.com/game.php?id=1872006"]
[Date "2026.4.15"]
[Round "1"]
[White "josebaron"]
[Black "Jomaley"]
[Result "1-0"]
[WhiteElo "2177"]
[BlackElo "1499"]

1. e4 e5 2. Nf3 Bd6 3. Bc4 Qf6 4. Nc3 c6 5. O-O b5 6. Bb3 Ne7 7. d3 h5 8. Bg5
Qg6 9. Bxe7 Bxe7 10. Nxe5 Qf6 11. Nxf7 g5 12. Nxh8 Qxh8 13. f4 g4 14. f5 g3 15.
h3 Na6 16. a4 b4 17. Ne2 h4 18. Nf4 Qxb2 19. Qh5+ Kd8 20. Ng6 Bc5+ 21. Kh1 Bf2
22. Qxh4+ Kc7 23. Qf4+ Kb6 24. f6 Nc5 25. Rab1 Qc3 26. Rxf2 gxf2 27. Qxf2 Ba6
28. f7 Qg7 29. f8=Q Rxf8 30. Nxf8 d6 31. Ne6 Qe5 32. Nxc5 dxc5 33. h4 Ka5 34.
Qf5 Qe7 35. Qg5 Qf8 36. Kg1 Kb6 37. a5+ Kxa5 38. Ra1+ Kb6 39. Rf1 Qh8 40. Rf5
Qa1+ 41. Kh2 Qa5 42. Qd8+ Kb7 43. Rf7+ Qc7+ 44. Qxc7+ Ka8 45. Qxa7# 1-0

[Event "AUTO-OPEN-4648"]
[Site "http://www.queenalice.com/game.php?id=1872007"]
[Date "2026.4.15"]
[Round "1"]
[White "Jomaley"]
[Black "josebaron"]
[Result "0-1"]
[WhiteElo "1515"]
[BlackElo "2175"]

1. e4 e5 2. d3 Nf6 3. Bg5 Be7 4. h4 h6 5. Bxf6 Bxf6 6. Nc3 Bxh4 7. g3 Bg5 8. Nd5
c6 9. Nb4 a5 10. Nxc6 Nxc6 11. Nf3 d6 12. Nxg5 Qxg5 13. c3 O-O 14. Qe2 Bg4 15.
Qe3 Qxe3+ 16. fxe3 Bf3 17. Rg1 f5 18. exf5 Rxf5 19. e4 Rg5 20. Kf2 Rf8 21. Be2
Bxe4+ 22. Ke3 Bd5 23. d4 exd4+ 24. cxd4 Re8+ 25. Kd2 Nxd4 26. Bd1 Bc6 27. Rc1 a4
28. b3 axb3 29. axb3 Bf3 30. Kd3 Bxd1 31. Rcxd1 Nxb3 32. Kc2 Nc5 33. Rxd6 b5 34.
Rd4 Na4 35. Kb3 Re3+ 36. Kb4 Nc3 37. g4 Ne2 38. Re1 Nxd4 39. Rxe3 Nc2+ 0-1

[Event "AUTO-INT-3966"]
[Site "http://www.queenalice.com/game.php?id=1872060"]
[Date "2026.4.16"]
[Round "1"]
[White "Jomaley"]
[Black "tche_elvio"]
[Result "1-0"]
[WhiteElo "1498"]
[BlackElo "1643"]

1. e4 c5 2. c4 Nc6 3. a3 e6 4. d3 h6 5. Nc3 d6 6. g4 g5 7. Nf3 Bg7 8. Be3 Ne5 9.
Nxe5 Bxe5 10. Qa4+ Bd7 11. Qb3 Bc6 12. h4 Bxc3+ 13. Qxc3 e5 14. hxg5 Ne7 15. d4
Bxe4 16. dxe5 dxe5 17. Qxe5 Bxh1 18. Qxh8+ Kd7 19. Qxh6 Qb6 20. Qxh1 Qc6 21. Bg2
Qb6 22. O-O-O+ Kc8 23. Qh8+ Qd8 24. Rxd8+ 1-0

[Event "AUTO-INT-3966"]
[Site "http://www.queenalice.com/game.php?id=1872071"]
[Date "2026.4.16"]
[Round "1"]
[White "Jomaley"]
[Black "renet54"]
[Result "0-1"]
[WhiteElo "1530"]
[BlackElo "1559"]

1. Nf3 d5 2. d4 Nf6 3. Qd3 e6 4. Bg5 Be7 5. h3 Nbd7 6. h4 O-O 7. g4 b6 8. Bxf6
Nxf6 9. Ne5 Bb7 10. g5 Ne4 11. f4 f6 12. gxf6 Bxf6 13. c4 Bxe5 14. fxe5 Nf2 15.
Kd2 Nxd3 16. exd3 dxc4 17. dxc4 Bxh1 18. h5 Rxf1 19. Ke2 Qf8 20. d5 Qf3+ 21. Kd2
Rd1+ 22. Kc2 Qd3# 0-1

[Event "AUTO-INT-3966"]
[Site "http://www.queenalice.com/game.php?id=1872072"]
[Date "2026.4.16"]
[Round "1"]
[White "renet54"]
[Black "Jomaley"]
[Result "1-0"]
[WhiteElo "1574"]
[BlackElo "1513"]

1. d4 d5 2. Bf4 e6 3. e3 Bb4+ 4. c3 Bd6 5. Nf3 Bxf4 6. exf4 f5 7. Bd3 Nc6 8. O-O
h6 9. Nbd2 Nf6 10. Re1 Qd6 11. g3 h5 12. Bxf5 b5 13. Ng5 Nd8 14. Qb3 a6 15. Bg6+
Ke7 16. Re2 h4 17. Rae1 hxg3 18. Bf5 gxh2+ 19. Kh1 Qxf4 20. Qb4+ Ke8 21. Bg6+
Kd7 22. Nxe6 Nxe6 23. Rxe6 c5 24. Qxc5 Kd8 25. Qe7# 1-0

[Event "AUTO-INT-3968"]
[Site "http://www.queenalice.com/game.php?id=1872958"]
[Date "2026.5.5"]
[Round "1"]
[White "game"]
[Black "Jomaley"]
[Result "1-0"]
[WhiteElo "1571"]
[BlackElo "1626"]

1. e4 e5 2. Nf3 Bd6 3. Bc4 f6 4. d4 exd4 5. Qxd4 c6 6. Qxd6 b5 7. Bd3 Ne7 8. e5
fxe5 9. Nxe5 O-O 10. O-O Na6 11. Qd4 d6 12. Nf3 Rxf3 13. gxf3 Qf8 14. Qxd6 Bh3
15. Re1 Re8 16. Nc3 Qxf3 17. Qg3 Qxg3+ 18. hxg3 Nb4 19. Bd2 a6 20. Re5 a5 21.
Rae1 Kf7 22. f4 g6 23. Ne4 Nxd3 24. cxd3 Nf5 25. Nd6+ Nxd6 26. Bxa5 Rxe5 27.
fxe5 Nb7 28. b4 c5 29. Kh2 Bf5 30. Rf1 cxb4 31. Bxb4 Ke6 32. d4 h5 33. Rb1 Bxb1
34. a3 Kd5 35. Bc3 Kc4 36. Bb2 Kb3 37. Bc1 Na5 38. e6 Nc6 39. d5 Nd4 40. e7 Nf3+
41. Kg2 Be4 42. e8=Q Nd4+ 43. Qxe4 Kc4 44. Be3 1-0

[Event "AUTO-INT-3968"]
[Site "http://www.queenalice.com/game.php?id=1872959"]
[Date "2026.5.5"]
[Round "1"]
[White "Jomaley"]
[Black "game"]
[Result "0-1"]
[WhiteElo "1520"]
[BlackElo "1591"]

1. e4 d6 2. d3 Nf6 3. Bg5 e5 4. Bxf6 Qxf6 5. Nc3 Be6 6. f3 d5 7. Nxd5 Bxd5 8.
exd5 Bc5 9. c4 Nd7 10. Qe2 O-O 11. h4 Bb4+ 12. Kf2 e4 13. dxe4 Qb6+ 14. Kg3 Bc5
15. Qd2 Ne5 16. b3 Qg6+ 17. Qg5 Qd6 18. f4 Ng6 19. Nf3 Bb6 20. Ne5 f6 21. Qg4
fxe5 22. f5 Rf6 23. h5 Bd4 24. Be2 Bxa1 25. Rxa1 Nf4 26. Bf1 h6 27. Kf3 g5 28.
hxg6 Kg7 29. g3 Nxg6 30. Qh3 Rh8 31. g4 Rf7 32. Kg2 Nf4+ 0-1

[Event "AUTO-OPEN-4652"]
[Site "http://www.queenalice.com/game.php?id=1873416"]
[Date "2026.5.15"]
[Round "1"]
[White "Jomaley"]
[Black "Carlos19"]
[Result "0-1"]
[WhiteElo "1642"]
[BlackElo "1645"]

1. e4 e5 2. Nf3 Nc6 3. Bb5 d6 4. Bxc6+ bxc6 5. d3 Bg4 6. h4 d5 7. Nxe5 Bxd1 8.
Nxf7 Kxf7 9. Kxd1 dxe4 10. g4 exd3 11. cxd3 Qxd3+ 12. Nd2 Rd8 13. b4 Qf3+ 14.
Kc2 Qxh1 15. Bb2 Qd5 16. Rd1 Qxa2 17. Ra1 Rxd2+ 18. Kxd2 Qd5+ 19. Kc2 Qe4+ 20.
Kb3 Qxb4+ 21. Kc2 Bc5 22. Be5 Qe4+ 0-1

[Event "AUTO-INT-3969"]
[Site "http://www.queenalice.com/game.php?id=1873555"]
[Date "2026.5.19"]
[Round "1"]
[White "jenyasm"]
[Black "Jomaley"]
[Result "1-0"]
[WhiteElo "1685"]
[BlackElo "1581"]

1. e4 e5 2. Nf3 Bd6 3. d3 Bb4+ 4. Bd2 a5 5. Bxb4 axb4 6. a3 c5 7. Nxe5 Qf6 8. d4
b6 9. Nf3 Ne7 10. d5 d6 11. Ra2 bxa3 12. Rxa3 Qxb2 13. Rxa8 Nd7 14. Bd3 O-O 15.
Ra3 Qb4+ 16. Nfd2 Ne5 17. Rb3 Nxd3+ 18. Rxd3 g6 19. Rb3 Qd4 20. Rxb6 Rd8 21. O-O
c4 22. Rb4 Qe5 23. Rxc4 Ba6 24. Na3 h5 25. Nf3 Qf4 26. h3 Bxc4 27. Nxc4 Rc8 28.
Qd3 Rd8 29. Qe3 Qf6 30. Qb6 Rd7 31. Nfe5 Qf4 32. Nxd7 Qxe4 33. Qxd6 Nxd5 34. Ne3
Nf4 35. Nf6+ 1-0

[Event "AUTO-INT-3969"]
[Site "http://www.queenalice.com/game.php?id=1873556"]
[Date "2026.5.19"]
[Round "1"]
[White "Jomaley"]
[Black "jenyasm"]
[Result "0-1"]
[WhiteElo "1626"]
[BlackElo "1724"]

1. e4 e5 2. h4 Nf6 3. Qf3 d6 4. Bb5+ Bd7 5. a4 Bxb5 6. axb5 a6 7. bxa6 Nxa6 8.
c3 Nc5 9. d3 Rxa1 10. Ne2 Rxb1 11. O-O Ra1 12. g4 Be7 13. g5 Nfd7 14. d4 Nb3 15.
d5 O-O 16. h5 Bxg5 17. Bxg5 Qxg5+ 18. Ng3 Rxf1+ 19. Kxf1 h6 20. Nf5 Nd2+ 0-1

[Event "AUTO-INT-3924"]
[Site "http://www.queenalice.com/game.php?id=1873789"]
[Date "2026.5.21"]
[Round "2"]
[White "renet54"]
[Black "Jomaley"]
[Result "1-0"]
[WhiteElo "1506"]
[BlackElo "1601"]

1. d4 d5 2. Bf4 Na6 3. e3 e6 4. Nf3 Bd6 5. c4 Bxf4 6. exf4 dxc4 7. Bxc4 c5 8.
O-O h6 9. Ne5 Qf6 10. dxc5 Qxf4 11. Bb5+ Ke7 12. Re1 Nxc5 13. Nc3 a6 14. Bf1 h5
15. Nd5+ Kf8 16. Nc7 g5 17. Nxa8 Ne4 18. Qd8+ Kg7 19. Rxe4 Qxe4 20. Qxg5+ Kf8
21. Qd8+ Kg7 22. Qg5+ Kf8 23. Rc1 Ne7 24. Qf6 Rg8 25. Qxf7# 1-0